000 01083cam a22002535a 4500
005 20260514154007.0
008 260514s2025 at fo 000 0 eng d
041 0 _aeng
110 _aForestry Australia
_96357
245 0 0 _aAustralia and New Zealand Forest Valuation Standard
_h[Electronic resource]
260 _bForestry Australia & New Zealand Institution of Forestry,
_cDecember 2025
520 _aThe ANZ Forest Valuation Standard is a joint initiative of Forestry Australia and the New Zealand Institute of Forestry. Sections on Forest description, yield estimation, taxation, compulsory sale, carbon, forest valuation methods, valuation uncertainty
520 _aEffective from 1 June 2023
650 _aWoodlands
650 _aValuation
650 _aForests
651 4 _aAustralia
651 4 _aNew Zealand
690 _aValuation
_96273
710 _aForestry Australia
_96357
710 _aNew Zealand Institute of Forestry
_96358
856 4 1 _uhttps://www.forestry.org.au/forest-valuation-standards/
_zAvailable from Forestry Australia
942 _n0
_2ddc
999 _c122350
_d122350